Efektivní analýza a využití dat
Gespeichert in:
| 1. Verfasser: | |
|---|---|
| Weitere Verfasser: | , , , |
| Format: | Buch |
| Sprache: | Tschechisch |
| Veröffentlicht: |
Brno
Computer Press
2015
|
| Ausgabe: | 1. vydání |
| Schlagworte: | |
| Tags: |
Keine Tags, Fügen Sie das erste Tag hinzu!
|
MARC
| LEADER | 00000nam a2200000 4500 | ||
|---|---|---|---|
| 001 | 0248940 | ||
| 005 | 20240313085715.1 | ||
| 020 | |a 978-80-251-4571-5 | ||
| 041 | 0 | |a cze | |
| 044 | |a CZ | ||
| 245 | 1 | 0 | |a Efektivní analýza a využití dat |c Zach Gemignani, Chris Gemignani, Richard Galentino, Patrick Schuermann ; překlad: Jiří Huf |
| 250 | |a 1. vydání | ||
| 264 | 1 | |a Brno |b Computer Press |c 2015 | |
| 300 | |a 240 s. | ||
| 610 | 2 | 0 | |a firmy |
| 610 | 2 | 0 | |a zber dát |
| 610 | 2 | 0 | |a dáta |
| 610 | 2 | 0 | |a analýza dát |
| 610 | 2 | 0 | |a komunikácia |
| 610 | 2 | 0 | |a prenos dát |
| 610 | 2 | 0 | |a prezentácia |
| 610 | 2 | 0 | |a informácie |
| 610 | 2 | 0 | |a výstupy |
| 610 | 2 | 0 | |a efektívnosť |
| 610 | 2 | 0 | |a modelovanie |
| 610 | 2 | 0 | |a ekosystémy |
| 610 | 2 | 0 | |a výmena informácií |
| 610 | 2 | 0 | |a dotazníky |
| 610 | 2 | 0 | |a inventár |
| 610 | 2 | 0 | |a gramotnosť |
| 610 | 2 | 0 | |a dizajn |
| 610 | 2 | 0 | |a štúdie prípadové |
| 100 | 1 | |a Gemignani, Zach | |
| 700 | 1 | |a Gemignani, Chris | |
| 700 | 1 | |a Galentino, Richard | |
| 700 | 1 | |a Schuermann, Patrick | |
| 700 | 1 | |a Huf, Jiří | |